01022cas a22002777ar450000500170000000800410001701000100005801100100006802200140007803500100009224500370010226000460013930000070018531000150019236200190020765000520022665000480027878500440032686600540037086600540042486600570047886600570053586600570059286600590064986600360070820220329142006.0981202c1965 fr qr p rnn 0 0b0eng d a76750 a777220 a1164-5563 a8740600aEuropean Journal of Soil Biology0 aParis, France :bGauthier-Villars,c199?- av. aTrimestral1 av.33 n.3, 199714aSuelosxBiologíaxPublicaciones periódicas.14aSuelosxEuropaxPublicaciones periódicas. tRevue D' Ecologie et de Biologie du Sol av. 34 n. 1 (Jan., 1998) - v. 35 n. 4 (Sep., 1999) av. 36 n. 1 (Dec., 1999) - v. 36 n. 4 (Sep., 2000) av. 37 n. 1 (March 2001) - v. 37 n. 4 (December 2001) av. 39 n. 1 (March 2003) - v. 39 n. 4 (December 2003) av. 42 n. 1 (March 2006) - v. 44 n. 6 (December 2008) av. 45 n. 1 (January 2009) - v. 45 n. 6 (December 2009) av.29 n.1-v.33 n.4 - (1993-1997)